All Superheroes and Villains DC And Marvel - Statistics

General Stats
  • This quiz has been taken 204 times
  • The average score is 28 of 58
Answer Stats
Powers Answer % Correct
Uses gadgets and his enemy is the joker Batman
100%
tony stark Iron Man
96%
the most popular and is a kryptonian Superman
96%
his enemy is batman and uses gadgets and tricks Joker
94%
got powers from a radioactive spider Spider-Man
94%
a god and wields a god-killer sword is a woman Wonder Woman
94%
superman's cousin Supergirl
89%
green and he is good with a bow Green Arrow
88%
fastest man alive The Flash
84%
batman's son Robin
80%
captain of america Captain America
75%
green serum gave him his monster strong look Hulk
71%
king of atlantis Aquaman
67%
joker's technical girlfriend Harley Quinn
67%
he is a hawk and is an eye Hawkeye
67%
she is a cat of a woman Catwoman
66%
he has dead and he loves pools Deadpool
66%
he is sand just strong pure sand Sandman
62%
he is a darer and a devil Daredevil
61%
Quick and his color is silver Quicksilver
61%
mr. bane Bane
60%
green arrow's sidekick and wife Black Canary
60%
he has no superpowers but has a cold icy gun Captain Cold
60%
captain of the marvels is in her name Captain Marvel
59%
has shots that are deadly Deadshot
58%
the "reverse" of a hero Reverse Flash
58%
the old director for SHIELD Nick Fury
57%
uses poison to win as a villain Poison Ivy
56%
beast ___ Beast Boy
53%
he is a man who is covered in robotics he is a luthor Lex Luthor
53%
god of war Ares
51%
death______ Deathstroke
51%
He punishes The Punisher
51%
doctor _______ Doctor Strange
50%
iron man's sidekick machine War Machine
50%
luke ____ Luke Cage
47%
teen titans go is a star Starfire
43%
strong man name starts with v Vision
43%
black _______ Black Panther
42%
blood thirsty hero or villain name starts with w and can never die Wolverine
37%
He is a atom The Atom
33%
his name makes him winter Winter Soldier
30%
he is tricky and his name says it too Trickster
29%
mean "brainy" octopus looking creature Brainiac
27%
another bird hero think of the Atlanta ______ Falcon
24%
her real true name is daisy johnson Quake
21%
He is a lasher and it is in his name Lash
13%
elctric _______ Elektra
11%
he is a manipulating gorilla Grodd
8%
death___ Deathlok
7%
her name is also a name for rockets start with v Valkyrie
7%
god and is an asgardian villain Lori
6%
father of daisy johnson Mister Hyde
2%
king of dreams and visions Vibe
2%
he is an agent for SHIELD and the most recent director Agent Phil Coulson
1%
he has nicknames such as hothead sparky and blondie Linc
1%
he can fly but is less popular first name is Adam Black Adam
0%
an asgardian God hero Thor
0%
No matching quizzes found
Score Distribution
Percent of People with Each Score
Percentile by Number Answered
Your Score History
You have not taken this quiz